000 01139nam a2200205 a 4500
090 _aIAVH
_b00765 CD-1
041 _aspa
100 _aArboleda Obando, María Ofelia
_992533
110 _bAgencia Alemana de Cooperación para el Desarrollo, GTZ
_992534
245 _aCertificación Forestal Voluntaria de guadua natural y plantada en Colombia
260 _aCali
_bInstituto Alexander von Humboldt
_bGTCFV
_bGTZ
_bWWF
_c2003
300 _a170 p.
520 _aSe presentan los avances obtenidos en cada una de las reuniones del Tercer, Cuarto y Quinto Comité de normas para la Certificación Forestal Voluntaria de guadua natural y plantada en Colombia. Se presentan además los resultados de la evaluación en campo de las normas para dicha certificación.
650 _aBiodiversidad
_992204
650 _aConservación
_992401
650 _aCertificación Forestal Voluntaria
_992535
710 _a^aWorld Wildlife Fund^sWWF
_992536
710 _a^aGrupo de Trabajo en Certificación Forestal Voluntaria^sGTCFV
_992537
773 0 _05986
_99704
_a
_b
_dBogotá Informatica documental 2007
_o024802
_tInformes de investigaciones IAVH en PDF
_w
_x
_z
999 _c6039
_d6039